[Event "Breda m"]
[Site "Breda"]
[Date "1998.05.10"]
[Round "4"]
[White "Timman, Jan H"]
[Black "Van Wely, Loek"]
[Result "1-0"]
[WhiteElo "2635"]
[BlackElo "2605"]
[Annotator "Van Wely,L"]
[PlyCount "81"]
[EventDate "1998.05.07"]
[EventType "match"]
[EventRounds "10"]
[EventCountry "NED"]
[SourceTitle "CBM 065"]
[Source "ChessBase"]
[SourceDate "1998.08.06"]
[SourceVersion "1"]
[SourceVersionDate "1998.08.06"]
[SourceQuality "1"]

1. e4 {Har Zvi,R} c5 2. Nf3 d6 3. c3 Nf6 4. Be2 g6 5. O-O Bg7 6. Bb5+ Bd7 7.
Bxd7+ Qxd7 8. Re1 Nc6 (8... O-O {Har Zvi,R} 9. d4 Na6 (9... cxd4 10. cxd4 d5
11. e5 Ne8 12. Nc3 Nc7 13. Be3 Nc6 14. Qd2 Ne6 $14 {Kindermann,S-Ernst,Th/
Thessaloniki (ol)/1988/}) 10. d5 c4 11. Nbd2 (11. e5 $2 dxe5 12. Nxe5 Qxd5 13.
Qxd5 Nxd5 14. Nxc4 Rac8 $15) (11. Qe2 $2 Nc5 12. Qxc4 b5 $17) (11. Bg5 Nc5 12.
Nbd2 Nd3 $15) 11... Nc5 (11... b5 $2 12. a4 Nc5 13. axb5 Qxb5 14. Nd4 $16) 12.
Nxc4 Ncxe4 13. a4 Nc5 14. Ne3 (14. b4 $6 Nxa4 $5 (14... Nce4 15. Bb2 Rac8 16.
Qd3 b5) 15. Qxa4 b5 16. Nb6 bxa4 17. Nxd7 Nxd7 18. Rxe7 Nb6 $17) 14... Qd8 15.
Ra3 Nfd7 16. a5 (16. b4 $5 Na6 (16... Ne4 17. Qd3 $14) 17. Bd2 $14) 16... Ne5
$1 17. Nxe5 dxe5 18. b4 Nd7 19. c4 f5 $132 {1/2-1/2 Adams,M-Anand,V/Dortmund
1996/CBM 54/[Dolmatov] (45)}) 9. d4 cxd4 10. cxd4 d5 (10... O-O {Har Zvi,R} 11.
Nc3 Rac8 12. h3 Rfd8 13. d5 Na5 14. Qd3 a6 15. Rb1 Qc7 16. Be3 Nc4 17. Bd4 Bh6
18. Nh2 Ne5 19. Qd1 b5 $36 {Sepp,O-Rytshagov,M/Vilnius zt ;CBM 35 1993/1/2-1/2
(72)}) 11. e5 Ne4 12. Nc3 $5 (12. Nbd2 $6 Nxd2 13. Qxd2 (13. Bxd2 {Har Zvi,R}
O-O 14. Rc1 (14. Be3 f6 15. exf6 exf6 16. Rc1 Rac8 17. Qd2 g5 18. h3 h6 19. h4
Rfe8 20. hxg5 hxg5 21. Nh2 Qf5 22. f3 Qg6 23. Ng4 Bf8 $15 {1/2-1/2 Kuijf,
M-Fedorowicz,J/OHRA-B 1990/CBM 20 (42)}) (14. Qe2 Nd8 15. Rec1 Ne6 16. Rc3 Rac8
17. Rac1 Rxc3 18. Rxc3 Qa4 19. Ra3 Qc2 20. Qd3 Qxb2 21. Rxa7 $11 {Vajda,
S-Bigaliev,R/Budapest FS06 IM (08) ;EXP 52 1996/1/2-1/2 (52)}) 14... e6 15. Bg5
h6 16. Be3 Rfc8 17. Qd2 {1/2-1/2 Smagin,S-Vogt,L/Biel op 1990/EXP 19}) 13...
O-O 14. b3 Rac8 {1/2-1/2 Timman-van Wely Wijk aan Zee 1998}) (12. Re2 {Har Zvi,
R} Rc8 13. Be3 f6 14. Nbd2 O-O 15. Nb3 b6 16. Rc1 fxe5 17. Nxe5 Nxe5 18. dxe5
Bxe5 19. f3 Nf6 20. Bh6 Qd6 21. g3 $16 {1-0 Hebden,M-Conquest,S/Dhaka 1995/CBM
48 (43)}) 12... Nxc3 13. bxc3 O-O 14. h4 $1 {und Weiss fängt schon an am
Königsflügel.} (14. Bf4 {Har Zvi,R} Rac8 15. Ng5 Nd8 16. Qd3 Rc6 17. Bd2 f6 18.
exf6 exf6 19. Nh3 Ne6 20. Re2 Re8 21. Rae1 Rcc8 22. Qb1 b5 23. Qd3 Nc7 24. Nf4
Rxe2 25. Rxe2 {1/2-1/2 Yudasin,L-Wojtkiewicz,A/EUCup G7 1997/CBM 62}) 14...
Rac8 $6 (14... Nd8 {und Se6 war besser}) (14... f6 $5 {Har Zvi,R}) 15. h5 Na5
16. Ng5 Rc6 (16... Rxc3 $2 {Har Zvi,R} 17. Bd2 Ra3 18. e6 $1 fxe6 19. Nxe6 Nc4
(19... Rf7 20. Bb4) 20. Bb4 $1 $16 {/+-}) 17. e6 fxe6 18. hxg6 hxg6 19. Qg4 Rf6
(19... Nc4 {Har Zvi,R} 20. Qh4 Rf5 21. Qh7+ Kf8 22. Nf3 $1 $36) (19... Rf5 {
Har Zvi,R} 20. Qh4 Kf8 21. Bf4 $36 (21. g4 Rf6 22. Nh7+ Kg8 23. Nxf6+ exf6 $44
{[%csl Rc3,Rg1]} 24. g5 Qf7)) 20. Qh3 Nc4 21. Qh7+ Kf8 22. Nh3 (22. Nf3 Rxf3
23. gxf3 e5 24. Bh6 Bxh6 25. Qxh6+ Kf7 $44) (22. Nf3 $5 {Har Zvi,R: To me this
seems as a more natural move, the knight controls the "e5" square with stroong
initiative foor white here,but the moove in the game is moore sharp with
immediate ideas of Nf4 and Bg5...}) 22... Qd6 $1 {Ein fantastische
Verteidigungszug, wonach Schwarz in der Partie bleibt.} 23. Bg5 Rf5 24. f4 (24.
Qxg6 Rf7 {und jetz kann Weiss e5 nicht mehr stoppen.} (24... Rf7 {Har Zvi,R}
25. Bh4 e5)) (24. g4 Rf3 (24... Rxg5 $2 25. Nxg5 Qf4 26. Qxg6 (26. Nxe6+ $4
Rxe6 27. Rxe6 Qxg4+ $19) 26... Qxg4+ 27. Kf1 $18) 25. Kg2 Rxc3 26. Bh6 Bxh6 27.
Qxh6+ Ke8 28. Nf4 Kd7 29. Rxe6 Qxe6 30. Nxe6 Rxe6 $44 {und mit Tc2 wird
Schwarz sehr aktiv}) (24. Bh6 $5 {Har Zvi,R this move certainly leads into a
pleasent position foor white,but it seems Timman wanted more than that,not
clear if this was a right decision} Bxh6 25. Qxh6+ Ke8 26. Qxg6+ (26. Ng5 $2 e5
) 26... Kd7 27. Rab1 b6 28. Re2 $36) 24... Nd2 25. Re3 (25. Bh6 {Har Zvi,R}
Bxh6 26. Qxh6+ Ke8 27. Qxg6+ Kd7 $13 {now this is a much worse version foor
white than immediately Bh6 without f4}) 25... Rxc3 {Schwarz muss sich beeilen
mit seinem Gegenspiel the begining of a serious forced mooves} (25... Ne4 $5 {
Har Zvi,R}) 26. Rxc3 Bxd4+ 27. Kh1 Bxc3 28. Qxg6 $1 ({verlockend war} 28. Rc1 {
aber nach} Qa3 29. Rc2 Qb4 30. Qxg6 Qb1+ 31. Ng1 Rxg5 32. fxg5 Ne4 $3 $19 {
hat Weiss keine Verteidigung mehr!}) 28... Bg7 29. Rc1 Nc4 (29... Qd7 {Har Zvi,
R} 30. Bh6 Bxh6 31. Qxh6+ Ke8 32. Ng5 Rxg5 33. fxg5 $18) 30. Re1 Rf7 31. Rxe6
Qa3 ({auch mit der schwarzen Dame in der Verteidigung hätte es wahrscheinlich
keine Rettung gegeben:} 31... Qc7 32. Bh4 (32. Qh7 $5 {[%cal Gg5h6] Har Zvi,R}
Ke8 $8 33. Bxe7 $5 (33. f5 $5 {this seems as a very dangerous move for black})
33... Rxe7 34. Qxg7 Ne3 35. Qh8+ Kd7 36. Rxe7+ Kxe7 $11 {/+/=}) (32. Bxe7+ Rxe7
33. Ng5 Ne3 34. Nh7+ Kg8 35. Nf6+ $11) 32... Nd6 33. Bxe7+ (33. Ng5 Rxf4 34.
Bg3 Qc4 35. Re3 $16) 33... Rxe7 34. Rxd6 $16) (31... Qd7 {Har Zvi,R} 32. Bh6
Bxh6 33. Qxh6+ Ke8 34. Qg6 $1 Qc7 $1 (34... Qc8 35. Ng5 Nd6 36. Kh2 $1 Qc4 37.
Rxe7+ Kxe7 38. Qe6+ Kf8 39. Qxd6+ $36) 35. Ng5 Qxf4) (31... Qb4 $5 {Har Zvi,R})
32. Bh4 Ne3 (32... Kg8 {Har Zvi,R} 33. Ng5 $1 Rxf4 34. Qh7+ Kf8 35. Re1 $1 Rf6
(35... Ke8 36. g3 (36. Ne6)) 36. Ne6+ Rxe6 37. Rxe6 Qc1+ 38. Kh2 Qf4+ 39. Kh3
$1 $18 Ne3 40. Bxe7+ Kf7 41. Rf6+) (32... Qb2 {Har Zvi,R} 33. Ng5 Rxf4 34. Nh7+
Kg8 35. Bf6 $3 Qc1+ (35... Rxf6 36. Nxf6+ Qxf6 37. Rxf6 exf6 38. Qe8+ $18) 36.
Kh2 Rg4 37. Qxg4 exf6 38. Nxf6+ Kf7 39. Nxd5 $18) 33. Ng5 Qc1+ $2 {Har Zvi: it
is very difficult to believe but this move is a decisive mistake! after 33...
Rxf4 the game would have probably ended with a draw but now black is lost} ({
Hartneckiger wäre gewesen} 33... Rxf4 34. Nh7+ Kg8 35. Nf6+ exf6 $1 (35... Rxf6
$2 36. Bxf6 $18 (36. Bxf6 Qc1+ 37. Kh2 Nf1+ 38. Kh3 $18)) 36. Re8+ Qf8 37.
Rxf8+ Kxf8 38. Bg3 Rf1+ (38... Re4 {Har Zvi: when the position is about equal,
and draw is probably the result here}) 39. Kh2 Nf5 40. Bb8 $1 $16 {und Schwarz
steht immer noch schlecht wegen seiner schlechten Figurenkoordination.}) 34.
Kh2 Ng4+ (34... Nf1+ {Har Zvi,R} 35. Kh3 Rxf4 (35... Qc3+ 36. Kg4 Nh2+ 37. Kh5
$18) 36. Nh7+ Kg8 37. Nf6+ Rxf6 38. Bxf6 $18) (34... Rxf4 {Har Zvi,R} 35. Nh7+
(35. Rf6+ Rxf6 36. Nh7+ Kg8 37. Nxf6+ exf6 38. Qe8+ Kh7 39. Qh5+ $11) 35... Kg8
36. Nf6+ Rxf6 37. Bxf6 Ng4+ (37... Nf5 38. Rxe7 Qf4+ 39. Kh3 $18) 38. Qxg4 exf6
39. Re8+ Kh7 (39... Kf7 $4 40. Qh5#) 40. Qh5+ Qh6 (40... Bh6 41. Re7+) 41.
Qxh6+ Kxh6 42. Re7 $18) 35. Kh3 Rxf4 36. Re1 Qc3+ 37. g3 Rf6 (37... Qxe1 {
Har Zvi,R} 38. gxf4 Qf1+ 39. Kxg4 $18) (37... Nf2+ {Har Zvi,R} 38. Kg2 Nd3 (
38... Qxe1 39. Ne6+ Qxe6 40. Qxe6 $18) 39. Re2 $18) (37... Nh6 {Har Zvi,R} 38.
Rc1 $1 Rxh4+ 39. Kxh4 Qd4+ 40. Kh3 Qg4+ 41. Kh2 Qe2+ 42. Kh1 $18) 38. Nh7+ Kg8
39. Nxf6+ Nxf6 40. Rxe7 Qc8+ 41. Kg2 1-0

[Event "FRA-ch60 Championnat"]
[Site "Clermont Ferrand"]
[Date "1985.08.20"]
[Round "4"]
[White "Seret, Jean Luc"]
[Black "Meinsohn, Francis"]
[Result "0-1"]
[WhiteElo "2455"]
[BlackElo "2305"]
[Annotator "Villeneuve,A/Primel,D"]
[PlyCount "70"]
[EventDate "1985.08.17"]
[EventType "swiss"]
[EventRounds "13"]
[EventCountry "FRA"]
[SourceTitle "EXT 2004"]
[Source "ChessBase"]
[SourceDate "2003.11.25"]
[SourceVersion "1"]
[SourceVersionDate "2003.11.25"]
[SourceQuality "1"]

1. e4 c5 {F.MEINSHONN a joué cette 3ème ronde en n'ayant pas terminé sa partie
de la ronde 2 contre BRICARD qui avait été ajournée а plusieurs reprises. Au
surplus le dénouement grotesque de sa partie ajournée a du affecté le moral de
F.meinshonn} 2. Nf3 e6 3. d3 {L'attaque indienne est souvent joué par J.L
SERET qui aime les systèmes rampants.} Nc6 4. g3 d6 {le fianchetto roi est
plus souvent joué car il est plus actif mais le système joué par le lyonnais
est trés solide.} (4... g6 5. Bg2 Bg7 6. O-O Nge7 7. c3 {La grande ligne}) 5.
Bg2 {(16)} Be7 $5 {(3) Un ordre de coups assez souple: Les noirs peuvent
transposer dans la variante principale Nf6 au coup suivant mais ils ont aussi
une option supplémentaire Bf6 et Nge7} (5... Nf6) (5... g6) 6. O-O Nf6 (6...
Bf6 {[%csl Gd4] Interessant mais lent.} 7. c3 Nge7 8. Nbd2 O-O 9. Re1) 7. Nc3 {
Retombe finalement sur une sicilienne fermée} (7. Re1 {[%cal Gb1d2,Gd2f1,Gc2c3]
}) (7. Nbd2 O-O 8. c3 Bd7 9. Re1 Rc8 10. a4 {[%cal Gd2c4]} a6 11. e5 $5) 7...
O-O 8. Re1 Rb8 $146 (8... a6 {[%cal Gb7b5] Préféré par le jeune Garry} 9. h3 {
[%cal Gg3g4,Gf3h2,Gh2g4];Yermolinsky,A-Kasparov,G Leningrad 0-1}) 9. Bf4 {
[%cal Gf4b8] (36)} Nd7 {[%cal Gd7e5] (8)} 10. Be3 {(49)} b5 {(14)} 11. a3 a6
12. d4 $5 {L'ouverture des blancs n'est pas trés convaincante} cxd4 13. Nxd4
Nxd4 14. Bxd4 Qc7 15. Qe2 {(1h10)} Bb7 $11 {(23) La position noire est trés
solide mais les noirs ont joué trés vite comme d'habitude} 16. Rad1 Rfc8 $36 (
16... Ne5 $132 {[%cal Ge5c4]}) 17. f4 {(26)} Nb6 $1 $15 {[%csl Rb2][%cal Gb6c4,
Gc4b2,Gc4a3] (31)} 18. Rf1 {Le signe que la partie ne tourne pas rond pour les
blancs qui manquent de plan} Nc4 19. Na2 (19. Rb1 e5 20. Bf2 Nxa3 $17) 19... e5
$1 20. Bc3 {(46)} Qc5+ {(37)} 21. Kh1 Ne3 {[%cal Ge3d1,Ge3f1,Ge3g2]} 22. Bb4
Qb6 23. fxe5 {(2h)} Rxc2 $40 {(41) joué а tempo et il y a 1h20 d'écart entre
les deux adversaires} 24. Qf3 Nxd1 25. Rxd1 {(2h08)} Rxb2 {(56)} 26. exd6 {
(2h10)} Bf6 $19 {(1h) F.MEINSHONN ne note plus le temps de réflexion ensuite.}
27. Nc1 a5 28. Be1 Rd8 29. Qf4 Bd4 30. Nd3 Re2 31. Bf3 Ra2 32. Ne5 Bxe5 33.
Qxe5 Qe3 34. Qf4 Qxa3 35. Bg2 Ra1 {Je recifie le score qui était érroné dans
la base précédente et c'est bien les noirs qui ont gagné. C'était d'ailleurs
une petite surprise dans ce tournoi et le lyonnais prenait la tête du tournoi
après cette 3ème ronde.} 0-1

[Event "Hoogovens"]
[Site "Wijk aan Zee"]
[Date "1996.01.28"]
[Round "13"]
[White "Adams, Michael"]
[Black "Van Wely, Loek"]
[Result "1-0"]
[WhiteElo "2660"]
[BlackElo "2570"]
[Annotator "Wahls,M"]
[PlyCount "103"]
[EventDate "1996.01.13"]
[EventType "tourn"]
[EventRounds "13"]
[EventCountry "NED"]
[EventCategory "17"]
[SourceTitle "CBM 051"]
[Source "ChessBase"]
[SourceDate "1996.04.01"]
[SourceVersion "1"]
[SourceVersionDate "1996.04.01"]
[SourceQuality "1"]

1. e4 {Hecht} c5 2. Nf3 d6 3. c3 {Wie im Sizilianer mit 2.c3 beabsichtigt Weiß
mit dem späteren Vorstoß d2 (d3)-d4 das sogenannte Vollzentrum aufzubauen.} Nf6
{Durch Druckspiel gegen e4 versucht Schwarz diesen Plan zu vereiteln (4.e4?
Se4).} 4. Be2 $5 {Einer der sich mit dieser Stellung sehr ausführlich
beschäftigt hat ist der englische Großmeister Joe Gallagher. Viele der
folgenden Kommentare entnehme ich seinem hervorragenden Buch "Beating the
Anti-Sicilians", erschienen 1994 bei Batsford. Zum Partiezug gibt es übrigens
noch zwei ungefähr gleichwertige Alternativen: 4.h3 und 4.Bd3.} g6 {Die
Gefährlichkeit von 4.Be2!? zeigt sich vor allen Dingen in der Variante 4...Nc6:
} (4... Nc6 5. d4 $1 cxd4 (5... Nxe4 $4 6. d5 Ne5 7. Qa4+ $18) 6. cxd4 Nxe4 7.
d5 Qa5+ 8. Nc3 Nxc3 9. bxc3 Nd8 (9... Ne5 10. Nxe5 Qxc3+ 11. Bd2 Qxe5 12. O-O
Qxd5 13. Rb1 e6 14. Bb5+ Bd7 15. Bxd7+ Kxd7 16. Qa4+ Kd8 17. Rb5 Qc6 18. Rc1
Qa6 19. Ra5 Qd3 20. Be3 d5 21. Rxa7 Rxa7 22. Qxa7 Ba3 23. Qa8+ Ke7 24. Bg5+ f6
25. Qxb7+ Kd6 26. Qc7# {Basman-Stean, Hastings 1973/74}) 10. O-O e5 (10... Qxc3
$2 11. Bb5+) 11. dxe6 Nxe6 12. Nd4 Be7 (12... Nxd4 13. Qxd4 Qc5 14. Re1 $1 Qxd4
15. Bb5+ Kd8 16. Re8+ Kc7 17. cxd4 $16) 13. Bb5+ Kf8 14. Rb1 a6 15. Bc4 Qc7 16.
Bxe6 fxe6 17. Re1 e5 18. Qf3+ Bf6 $2 (18... Ke8 19. Nf5 Bxf5 20. Qxf5 $40) 19.
Ba3 $3 exd4 (19... Kg8 20. Nc2) 20. Qd5 Be7 21. Rxe7 $1 Kxe7 22. Re1+ Kf6 23.
Bxd6 Qd7 24. Re5 $1 Re8 (24... h6 25. h4) 25. Qf3+ Kg6 26. Qh5+ Kf6 27. Qf3+
Kg6 28. Qh5+ Kf6 29. Rxe8 $1 Qxd6 30. cxd4 $18 h6 (30... Bg4 31. Qe5+) 31. h4
a5 32. Qf3+ Kg6 33. h5+ Kg5 (33... Kh7 34. Qf7) 34. Re5+ Qxe5 35. dxe5 Be6 36.
Qxb7 Rg8 37. Qe7+ Kf5 38. g4+ Kxe5 39. f4+ Kxf4 40. Qxe6 Rd8 41. Qf7+ {1-0
Hodgeson-Suba, Blackpool 1990  Interessant und weniger gefährlich als 4...Nc6
ist dagegen die Möglichkeit}) (4... Nbd7 $5 {um 5...NSe4 zu drohen, und Weiß
dadurch zu dem passivem Zug 5.d3 zu nötigen.}) 5. O-O Bg7 6. Bb5+ $5 {Tarrasch
würde wohl im Grabe rotieren (Ziehe in der Eröffnung nie eine Figur zweimal!),
aber vermutlich hätte er in dieser Partie schon beim ersten schwarzen Zug die
Nase gerümpft. Torres Idee zielt darauf ab, den d-Bauernvorstoß möglichst
zielstrebig anzugehen. Nach 6.Re1 hätte Weiß diesbezüglich mit Problemen zu
kämpfen: 6...0-0 7.Bf1 Nc6 8.h3 (8.d4?! cd4 9.cd4 Bg4) e5.} Nbd7 {Eine
brauchbare Alternative ist} (6... Bd7 {z.B.} 7. Bxd7+ Nbxd7 8. Re1 O-O 9. d4
cxd4 (9... e5) 10. cxd4 e5 11. Nc3 h6 12. h3 Re8 13. Be3 $6 d5 $1 14. exd5 e4
15. Nd2 Nb6 {mit gutem schwarzen Spiel in Preismann-Gallagher, Genf 1989}) 7.
Re1 a6 (7... O-O) 8. Bf1 Ne5 $5 {Diese Neuerung Van Welys zeugt von tiefem
strategischen Verständnis. Mittels Springertausch minimiert der Schwarze die
nachteiligen Folgen des Raumnachteils. Er schafft seinen Figuren mehr Luft und
mindert den weißen Einfluß auf das Feld d4. Im Übrigen bestand kein
unmittelbarer "Handlungsbedarf", da auch die bisherige Fortsetzung 8...0-0
durchaus befriedigte:} (8... O-O 9. d4 e5 (9... cxd4 $5 10. cxd4 b5) 10. dxe5
Nxe5 $1 11. Bg5 Qb6 $1 (11... Bg4 12. Nbd2 h6 13. Bh4 Nxf3+ 14. Nxf3 g5 15. Bg3
d5 16. exd5 Qxd5 17. Qxd5 Nxd5 18. Bd6 Rfc8 19. Ne5 $14) 12. Nxe5 dxe5 13. Qc2
Be6 14. Nd2 h6 15. Bh4 Qc6 $1 (15... Rfd8 16. a4 Rd7 17. Nc4 Qc7 18. a5 Rad8
19. Qa4 g5 20. Bg3 Bxc4 21. Bxc4 Rd2 22. Rab1 Nh5 23. Bd5 Nf4 24. Bxf4 exf4 25.
Red1 Rxd1+ 26. Rxd1 Be5 27. f3 {1/2-1/2 Kengis,E-Lukin,A/Groningen op (03) ;
EXP 26 1991}) 16. Nc4 Nh5 17. Rad1 b5 $10 {Lukin,A}) 9. d4 {Die Verdoppelung
des schwarzen e-Bauern durch 9.Ne5?! kommt in solchen Stellungen nur selten in
Frage. Schwarz erhält unangenehmes Druckspiel in der d-Linie.} Nxf3+ 10. Qxf3
Nd7 $1 {Nach} (10... O-O $6 11. dxc5 {verliert die schwarze Bauernstruktur an
Flexibilität. Der Bg7 beißt nun auf Granit.} dxc5 12. a4 (12. e5 $5 Nd7 13. Bf4
)) 11. Rd1 (11. Be3 $6 Qb6) 11... O-O 12. Be3 Qc7 (12... Qb6 $6 13. Rd2 {
Idee a4-a5,Sa3-c4} (13. Na3 $5 Qxb2 14. Nc4)) 13. Nd2 b6 $1 (13... e5 $6 14.
dxc5 (14. dxe5 $2 Nxe5) 14... dxc5 15. a4) (13... b5 $6 14. a4) 14. Rac1 Bb7
15. Qh3 $1 {Die Dame entzieht sich dem Einfluß des Läufers und bereitet Bh6
vor.} Rac8 $1 {Die Drohung 16...cd4 zwingt Weiß vermutlich zur Aufhebung der
Zentrumsspannung. Zu Prüfen ist allerdings das abenteuerliche 16.Nf3!?.} 16. d5
Rce8 17. Bh6 {Wenn Weiß c4 folgen lassen möchte, muß er diesen Läufer tauschen.
} e6 18. Bxg7 Kxg7 19. c4 e5 $6 {Danach entsteht eine königsindische
Bauernstruktur. Wahrscheinlich hätte Schwarz besser daran getan, im
Benonistile fortzufahren:} (19... exd5 20. exd5 (20. cxd5 $6 f5 21. exf5 (21.
Bd3 $6 f4) 21... Rxf5 {und es ist fraglich, ob Weiß genügend Kompensation für
den kranken Bauern d5 besitzt.}) 20... f5 21. a3 $10 (21. Nf3 $2 Nf6 22. Ng5
Bc8)) 20. Qc3 f5 21. exf5 $1 {Bei Abwesenheit des Bg7 ist diese Art der
Zentrumsbehandlung meist angebracht. Es ist beeindruckend mit welcher
Gradlinigkeit nun Adams dem unsicher stehenden gegnerischen König zu Leibe
rückt.} Rxf5 (21... gxf5 22. f4) 22. g3 $1 {Auf diese Weise wird nicht nur der
Bf1 wiederbelebt, sondern auch der Hebel f4 vorbereitet.} (22. a3) 22... Rff8 (
22... Kg8 $2 23. Bh3 Rff8 24. Be6+ Kg7 25. f4) 23. f4 Nf6 {Hier kam auch der
Sicherungszug} (23... Kg8 {in Betracht. Im Falle eines voreiligen Tausches
könnte Schwarz jetzt auf e5 mit dem Springer zurücknehmen.} 24. Re1 $1 (24.
fxe5 $2 Nxe5) (24. Bh3 $2 exf4 25. Be6+ Rxe6 26. dxe6 Qc6) 24... exf4 (24...
Bc8 25. Bh3) 25. Rxe8 Rxe8 26. gxf4 {Es ist nun für Schwarz ziemlich schwierig
seine Königsstellung zu sichern und den Lb7 wieder ins Spiel zu bringen.} Qd8 (
26... Nf8 27. Bg2 Qg7 28. Ne4 Qxc3 29. bxc3) (26... Bc8 27. Bg2) 27. Bh3 Nf8
28. Bg2 Bc8 29. Ne4) 24. fxe5 Rxe5 25. Re1 Rfe8 $6 26. Rxe5 Rxe5 27. Nf3 Re8
28. Bh3 {Jetzt wird`s richtig ungemütlich für Schwarz.} h6 29. Rf1 Bc8 30. Nh4
$1 Qf7 31. Bxc8 Rxc8 32. Ng2 $1 $18 Re8 33. Nf4 b5 34. Ne6+ Rxe6 35. dxe6 Qxe6
36. Re1 Qd7 37. Qe3 Kf7 38. cxb5 axb5 39. Qxh6 d5 40. Rf1 Qg4 41. Qe3 Qc8 42.
Qe5 Qe6 43. Qc7+ Qe7 44. Qxe7+ Kxe7 {T-S: offene Linien, ungleiche
B-Verteilung, Freibauernbildung, Technik} 45. Kf2 Ng4+ (45... d4 {Hecht} 46.
Kf3 c4 47. h4 Ke6 48. g4 Kd5 49. Kf4 $18) 46. Ke2 c4 (46... Nxh2 47. Rf4 g5 48.
Rf5 $18) 47. h4 b4 48. Rf4 Ne5 49. g4 Nd3 50. Rf1 Nxb2 51. h5 gxh5 52. gxh5 1-0

[Event "Evry 1st"]
[Site "Evry"]
[Date "2001.03.21"]
[Round "7"]
[White "Bergez, Luc"]
[Black "Shchekachev, Andrei"]
[Result "0-1"]
[WhiteElo "2426"]
[BlackElo "2537"]
[Annotator "Wells,P"]
[PlyCount "84"]
[EventDate "2001.03.??"]
[EventType "tourn"]
[EventRounds "9"]
[EventCountry "FRA"]
[EventCategory "8"]
[SourceTitle "CBM 083"]
[Source "ChessBase"]
[SourceDate "2001.07.05"]
[SourceVersion "1"]
[SourceVersionDate "2001.07.05"]
[SourceQuality "1"]

1. e4 c5 2. Nf3 d6 3. Bc4 Nf6 4. d3 Nc6 5. O-O g6 6. Ng5 e6 7. f4 Bg7 8. f5 $6
d5 9. exd5 (9. Bb3 $5 {at least forces black to make a more obvious concession
in return for his pawn.}) 9... exd5 10. Re1+ {Just one check, As well as the
pawn, black has free development and will drive white's forces home with great
ease.} Kf8 11. Bb3 Bxf5 12. Be3 b6 $1 {[%csl Gc5,Gd5]} 13. Qf3 h6 14. Nh3 Bg4
15. Qg3 Ne7 $17 {[%cal Ge7f5]} 16. Nf4 g5 17. Ne2 Nf5 18. Qf2 Qd7 19. Ng3 Nxe3
20. Rxe3 Be6 {The battle is effectively over. In the absence of further
threats, the position of the king on f8 is scarcely even an inconvenience.} 21.
h3 c4 22. Rxe6 Qxe6 23. Ba4 a6 24. c3 b5 25. Bc2 cxd3 26. Bxd3 Ne4 27. Bxe4
dxe4 28. Nf5 e3 29. Nxe3 Re8 30. Nc2 Qe2 31. Nd2 Qxf2+ 32. Kxf2 h5 33. a4 Rh6
34. Nf3 g4 35. hxg4 hxg4 36. Nfd4 b4 37. Nxb4 Bxd4+ 38. cxd4 Rb6 39. Nd5 Rxb2+
40. Kg3 Rd8 41. Nf6 Rxd4 42. Nxg4 Rb3+ 0-1